000 00514nam a22001577a 4500
005 20151112092216.0
008 151029b xxu||||| |||| 00| 0 eng d
050 _aBX4700.A44
_bS129
100 _aSagnella, Mary Ann
_920791
245 _aThe sensual and the sublime in Angela Da Foligno's Liber
_cby Sagnella, Mary Ann
260 _aAnn Arbor
_bThe University of Connecticut
_c1994
300 _aviii, 191p.;
_c22cm.
500 _aThesis
600 _aAngela of Foligno
_cSt.
_921037
942 _2lcc
_cMONOGRAPH
999 _c123698
_d123698